Регионална библиотека "Любен Каравелов" - Русе

Мениджмънт (Запис номер 70135)

MARC детайли
000 -Лидер
Контролно поле с фиксирана дължина 01902nam a2200421 c 4500
003 - Код на организацията, давaща контролен номер
Контролно поле BLK
005 - Дата и час на последна редакция
Контролно поле 20250118162057.0
008 - Елементи от данни с фиксирана дължина
fixed length control field 180408b bul|||||r ||||||| ||bul||
010 ## - Наследен системен номер
LC control number KNG00074489000
020 ## - Международен стандартен номер на книга ISBN
Международен стандартен номер на книга ISBN 954-8600-24-2
040 ## - Източник на каталожния запис
Идентификатор на билиотеката - собственик на записа BLK
041 ## - Код за език
Код за езика на текст/звукозапис или на отделно заглавие Български
Код за езика КДБФ Български
080 ## - УДК
Текстов определител УДК Теория и практика на организацията
УДК код - определител по УДК 005.1
УДК определител (075.8)
УДК - код + определител 005.1(075.8)
100 1# - Редна дума - Автор
Автор Харизанова, Маргарита Цветанова
Авторска отговорност първи автор
R(LIN) 366402
139 ## - Редно поле
Редна дума Харизанова, Маргарита Цветанова и др.
Авторски знак Хари - Х 27
245 10 - Сведения за заглавието
Заглавие Мениджмънт
Подзаглавни данни Ценности, комуникации, промяна
Редно поле (дума) Маргарита Цветанова Харизанова; съавт. Милчо Костадинов Мирчев; съавт. Надя Димитрова Миронова-Ангелова.
250 ## - Област на изданието
Сведения за изданието 2. доп. и прераб. изд.
257 ## - Страна на издаване
Страна на създаване/издаване България
260 ## - Област на издателските данни
Име на издателя, разпространителя и проч. Неда
Година на издаване 2006
300 ## - Физическа характеристика
Страници 429 с.
Илюстрации и др. с табл., сх., диагр.
Размери/Мащаб 24 см
380 ## - Жанр
Жанр Общ отдел
500 ## - Общи забележки
Забележка 1. изд. 2004. - Офс. изд. - Библиогр. след отд. теми.
504 ## - Забележка за наличие на библиография и др
Забележка за наличие на библиография и под. след отд. теми
650 #4 - Допълнително описание по предмет – тема
Основно описание – тема или топоним Управление и организация - учебници за ВУЗ
9 (RLIN) 267261
650 #4 - Допълнително описание по предмет – тема
Основно описание – тема или топоним Управленски труд - учебници за ВУЗ
9 (RLIN) 243011
653 ## - Ключова дума – ненормативна
Ключова дума управленски труд
653 ## - Ключова дума – ненормативна
Ключова дума мениджмънт
653 ## - Ключова дума – ненормативна
Ключова дума учебници за ВУЗ
700 1# - Други автори (авторска отговорност)
Лично име Мирчев, Милчо Костадинов
Автороска отговорност (Описва отношението между автора и произведението) съавт.
9 (RLIN) 270192
700 1# - Други автори (авторска отговорност)
Лично име Миронова-Ангелова, Надя Димитрова
Автороска отговорност (Описва отношението между автора и произведението) съавт.
9 (RLIN) 294780
852 ## - Местоположение
Форматна сигнатура Цб 233529
856 4# - Електронен адрес и достъп
Електронен формат pdf - файл
856 4# - Електронен адрес и достъп
Електронен формат pdf - файл
999 ## - СИСТЕМНИ КОНТРОЛНИ НОМЕРА
Koha biblionumber 70135
Koha biblioitemnumber 70135
942 ## - АРТИКУЛИ
Вид на библиотечния материал Книги
Скрит в OPAC Не
Koha issues (borrowed), all copies 6
Периодичен библиозапис Да
944 ## - СЪЗДАВАНЕ И РЕДАКЦИЯ на ЗАПИСА
Създаване/Редакция Създаване
Дата на регистрацията/редакция 25.04.2007
Служител, извършил регистрацията/редакцията 30553
Статус, дата на статуса Иваничка Йорданова
944 ## - СЪЗДАВАНЕ И РЕДАКЦИЯ на ЗАПИСА
Създаване/Редакция Редакция
Дата на регистрацията/редакция 23.01.2014
999 ## - СИСТЕМНИ КОНТРОЛНИ НОМЕРА
Koha biblioitemnumber 70135
Наличности
Код за отписване Код за изгубен артикул Код за повреда Коз за рестрикции Код за отдаване Артикулен № Име на библиотеката - собственик Име на библиотеката, в която се намира в момента Статус (Текущо местоположение) Дата на вписване в системата Местоположение - отдел Цена в лева Инвентарен номер Систематично азбучна сигнатура Баркод Номер на екземпляра Цена в евро Служебна бележка Служебен тип на артикула Източник на класификационната схема
  Не е изгубен Не е повреден без рестрикции ползва се в читалня 114740 Регионална библиотека "Любен Каравелов" Русе Регионална библиотека "Любен Каравелов" Русе Хранилище 2007-04-25 Хранилище 0.00 120000712966 Цб 233529 120000712966 1 0.00 Дост: Dp Вид: Д N: 44 Дата: 04.10.2006 Книги  
  Не е изгубен Не е повреден без рестрикции заемане за дома 114741 Регионална библиотека "Любен Каравелов" Русе Регионална библиотека "Любен Каравелов" Русе Заемна - подръчен фонд 2007-06-14 Заемна - подръчен фонд 20.00 120000714593 005/Х 27 120000714593 2 10.23 Дост: Pk Вид: Ф N: 5278 Дата: 09.06.2007 Дата инв: 05.02.2018 Бележки инв: П2018 Книги Universal Decimal Classification
  Не е изгубен Не е повреден без рестрикции ползва се в читалня 114742 Регионална библиотека "Любен Каравелов" Русе Регионална библиотека "Любен Каравелов" Русе Читалня 2007-06-14 Читалня 20.00 120000714594 Ч 005/Х 27 120000714594 3 10.23 Дост: Pk Вид: Ф N: 5278 Дата: 09.06.2007 Дата инв: 23.03.2017 Бележки инв: Ч2017 Книги Universal Decimal Classification
  Не е изгубен Не е повреден без рестрикции заемане за дома 114743 Регионална библиотека "Любен Каравелов" Русе Регионална библиотека "Любен Каравелов" Русе Заемна - подръчен фонд 2014-01-17 Заемна - подръчен фонд 20.00 120000773621 005/Х 27 120000773621 4 10.23 Дост: DA Вид: А N: 2 Дата: 17.01.2014 Книги Universal Decimal Classification
Vip Innovations Ltd, Rousse, Bulgaria 2025